Corrosion engineering (Record no. 1267)

000 -LEADER
fixed length control field 00569nam a22002177a 4500
001 - CONTROL NUMBER
control field 1267
003 - CONTROL NUMBER IDENTIFIER
control field BD-DhUET
008 - FIXED-LENGTH DATA ELEMENTS--GENERAL INFORMATION
fixed length control field 140902b xxu||||| |||| 00| 0 eng d
020 ## - INTERNATIONAL STANDARD BOOK NUMBER
International Standard Book Number 9789848725085
040 ## - CATALOGING SOURCE
Transcribing agency 0
Modifying agency BD-DhUET
082 ## - DEWEY DECIMAL CLASSIFICATION NUMBER
Classification number 620.1122
Item number NOO/2009
100 ## - MAIN ENTRY--PERSONAL NAME
Personal name Nooruddin Ahmed
245 ## - TITLE STATEMENT
Title Corrosion engineering
Remainder of title an introductory text
250 ## - EDITION STATEMENT
Edition statement 1st ed.
260 ## - PUBLICATION, DISTRIBUTION, ETC. (IMPRINT)
Place of publication, distribution, etc. Dhaka
Name of publisher, distributor, etc. N. Ahmed and I. Mahmud
Date of publication, distribution, etc. 2009
300 ## - PHYSICAL DESCRIPTION
Extent xviii, 261 p.
504 ## - BIBLIOGRAPHY, ETC. NOTE
Bibliography, etc Includes bibliographies
650 #0 - SUBJECT ADDED ENTRY--TOPICAL TERM
Topical term or geographic name as entry element Corrosion and anti-Corrosion
700 ## - ADDED ENTRY--PERSONAL NAME
Personal name Iqbal Mahmud
942 ## - ADDED ENTRY ELEMENTS (KOHA)
Koha item type General Book
Holdings
Koha date last seen Koha normalized classification for sorting Koha date last borrowed Date acquired Location (home branch) Shelving location Piece designation (barcode) Copy number Not for loan Source of classification or shelving scheme Sublocation or collection (holding branch) Koha out on loan Price effective from Koha issues (times borrowed) Withdrawn status Lost status Damaged status Koha item type Koha full call number
2021-08-28620_000000000000000_1122NOO2002021-08-282014-09-02Central Library, BUETCirculation section1075138  Central Library, BUET 2014-09-022   General Book620.1122/NOO/2009
2021-09-06620_000000000000000_1122NOO2002021-09-062014-09-02Central Library, BUETCirculation section1075078  Central Library, BUET 2014-09-0225   General Book620.1122/NOO/2009
2021-08-28620_000000000000000_1122NOO2002021-08-282014-09-02Central Library, BUETCirculation section1075088  Central Library, BUET 2014-09-021   General Book620.1122/NOO/2009
2021-08-28620_000000000000000_1122NOO2002021-08-282014-09-02Central Library, BUETCirculation section107506   Central Library, BUET 2014-09-021   General Book620.1122/NOO/2009
2021-08-28620_000000000000000_1122NOO2002021-08-282014-09-02Central Library, BUETCirculation section107512   Central Library, BUET 2014-09-021   General Book620.1122/NOO/2009
2025-12-01620_000000000000000_1122NOO2002025-12-012014-09-02Central Library, BUETCirculation section107509   Central Library, BUET2025-12-152014-09-025   General Book620.1122/NOO/2009
2024-10-21620_000000000000000_1122NOO2002024-10-212014-09-02Central Library, BUETCirculation section107505   Central Library, BUET 2014-09-0238   General Book620.1122/NOO/2009
2021-08-28620_000000000000000_1122NOO2002021-08-282014-09-02Central Library, BUETCirculation section107511   Central Library, BUET 2014-09-021   General Book620.1122/NOO/2009
2021-08-28620_000000000000000_1122NOO2002021-08-282014-09-02Central Library, BUETCirculation section107504   Central Library, BUET 2014-09-021   General Book620.1122/NOO/2009
2021-08-28620_112200000000000_NOO_20092021-08-282010-01-13Central Library, BUETCirculation section1075101  Central Library, BUET 2018-04-281   General Book620.1122/NOO/2009